000 00490nam a2200169Ia 4500
008 220531s9999 xx 000 0 und d
041 _aeng
100 _aगुळवणे, श्रीराम
_985125
245 _aसंत सेना महाराज अभंगगाथा
250 _a1ST
260 _aPune
_bGeeta Dharma Mandal
_c2000
300 _a183
542 _d05-02-2016
650 _aAbhangachi Gatha
_985126
906 _d2015-2016
_f8621
999 _c46807
_d46807